[Event "II - WIDCC Open Tournament"]
[Site "Malente GER"]
[Date "2004.07.31"]
[Round "6.9"]
[White "Grudina M. (ITA)"]
[Black "Filatov B. (RUS)"]
[Result "1-0"]
[WhiteElo "1805"]
[BlackElo "1805"]
[PlyCount "129"]
[EventDate "2004.??.??"]
[EventType "swiss"]
[EventRounds "9"]
[EventCountry "GER"]

1. e4 Nf6 2. Nc3 d5 3. exd5 Nxd5 4. Bc4 Nb6 5. Bb3 c5 6. d3 Nc6 7. Qh5 e6 8.
Be3 g6 9. Qe2 Nd4 10. Qd2 Nf5 11. Bf4 Bg7 12. Nf3 O-O 13. O-O-O Nd4 14. Nxd4
Qxd4 15. Be3 Qd6 16. Bh6 Rd8 17. Bxg7 Kxg7 18. Ne4 Qe7 19. Qc3+ e5 20. Qxc5
Qxc5 21. Nxc5 Rb8 22. Rhe1 Re8 23. d4 f6 24. dxe5 fxe5 25. f3 Bf5 26. g4 Bc8
27. h3 Na8 28. f4 b6 29. Nd7 Re7 30. Nxe5 Bb7 31. Bd5 Rf8 32. Bxb7 Rxb7 33. Nd3
Rff7 34. Re5 Nc7 35. Rde1 Na6 36. a3 Rbc7 37. Kb1 Nb8 38. Re6 Nc6 39. R6e4 Na5
40. Ne5 Rfe7 41. Nd3 Rf7 42. b3 Rfd7 43. Kb2 Nb7 44. Re5 Nd8 45. Nb4 Nf7 46.
Rd5 Re7 47. Rxe7 Rxe7 48. Nc6 Rc7 49. Ne5 Nxe5 50. Rxe5 Rf7 51. Re4 Kf6 52. c4
h5 53. Kc3 Rd7 54. gxh5 gxh5 55. Re5 Kg6 56. b4 Rf7 57. Re4 Kf5 58. Rd4 h4 59.
c5 Re7 60. c6 a6 61. a4 b5 62. axb5 axb5 63. Rd7 Re4 64. Rd5+ Kf6 65. Rxb5 1-0

[Event "II - WIDCC Open Tournament"]
[Site "Malente GER"]
[Date "2004.07.31"]
[Round "6.9"]
[White "Pietrucha R. (POL)"]
[Black "Lukàcsovics L. (HUN)"]
[Result "0-1"]
[WhiteElo "2103"]
[BlackElo "2037"]
[PlyCount "96"]
[EventDate "2004.??.??"]
[EventType "swiss"]
[EventRounds "9"]
[EventCountry "GER"]

1. c4 Nf6 2. Nc3 e6 3. Nf3 d5 4. cxd5 exd5 5. d4 Be7 6. Bg5 O-O 7. e3 h6 8.
Bxf6 Bxf6 9. Bd3 c6 10. O-O Re8 11. Rc1 Bg4 12. Be2 Nd7 13. Ne1 Bf5 14. Nd3 Be7
15. a3 Bd6 16. Ne1 Nf6 17. g3 Nh7 18. Bg4 Qg5 19. Bxf5 Qxf5 20. Qf3 Qh3 21. Qg2
Qd7 22. Nf3 Qf5 23. Ne1 Ng5 24. h4 Ne4 25. Nxe4 Rxe4 26. Qf3 Qg6 27. Ng2 Rae8
28. Kh2 R8e6 29. Rfe1 Rf6 30. Nf4 Qf5 31. Kg2 g5 32. g4 Qd7 33. hxg5 hxg5 34.
Rh1 gxf4 35. Qh3 Kf8 36. f3 Rxe3 37. Rc2 Qe6 38. Qh8+ Ke7 39. Rf2 Re2 40. Qh4
Kd7 41. Rhf1 Rh6 42. Qg5 Rxf2+ 43. Rxf2 Qf6 44. Qxf6 Rxf6 45. Kh3 Be7 46. Re2
Re6 47. g5 Bxg5 48. Kg4 Bh6 0-1

[Event "II - WIDCC Open Tournament"]
[Site "Malente GER"]
[Date "2004.07.31"]
[Round "6.9"]
[White "Rossinskaja L. (RUS)"]
[Black "Svec D. (CRO)"]
[Result "1/2-1/2"]
[WhiteElo "1864"]
[BlackElo "1805"]
[PlyCount "30"]
[EventDate "2004.??.??"]
[EventType "swiss"]
[EventRounds "9"]
[EventCountry "GER"]

1. e4 e6 2. d4 d5 3. exd5 exd5 4. Bd3 Nc6 5. c3 Bd6 6. Ne2 Nge7 7. O-O Bg4 8.
f3 Bh5 9. b4 Qd7 10. Nd2 Bg6 11. Nb3 Bxd3 12. Qxd3 O-O 13. a4 a5 14. b5 Nd8 15.
Ng3 b6 1/2-1/2

[Event "II - WIDCC Open Tournament"]
[Site "Malente GER"]
[Date "2004.07.31"]
[Round "6.9"]
[White "Chilton M. (NED)"]
[Black "Oborina E. (RUS)"]
[Result "0-1"]
[WhiteElo "1805"]
[BlackElo "1805"]
[PlyCount "76"]
[EventDate "2004.??.??"]
[EventType "swiss"]
[EventRounds "9"]
[EventCountry "GER"]

1. Nf3 d5 2. d4 Nf6 3. Nc3 e6 4. a3 c5 5. Bg5 Nbd7 6. Ne5 Bd6 7. Nxd7 Bxd7 8.
e4 cxd4 9. Qxd4 e5 10. Qd2 d4 11. Nd5 Nxe4 12. Bxd8 Nxd2 13. Nc7+ Kxd8 14. Nxa8
Ne4 15. f3 Nf6 16. c4 Ke7 17. c5 Bxc5 18. Nc7 a6 19. Bc4 Kd6 20. b4 Bb6 21.
Nxa6 bxa6 22. Bxf7 Rc8 23. Bb3 Rc3 24. Bd1 Bb5 25. a4 Re3+ 26. Kd2 Bc4 27. a5
Ba7 28. h4 Nd5 29. Rb1 Rd3+ 30. Kc1 Ne3 31. Rb2 Rc3+ 32. Kd2 Nf1+ 33. Ke1 Ng3
34. Rh3 Nf5 35. Kf2 d3+ 36. Ke1 Be3 37. g4 Nd4 38. Rhh2 Rc1 0-1

[Event "II - WIDCC Open Tournament"]
[Site "Malente GER"]
[Date "2004.07.31"]
[Round "6.9"]
[White "Pasquotto M. (ITA)"]
[Black "Michalczuk K. (POL)"]
[Result "1-0"]
[WhiteElo "1805"]
[BlackElo "1805"]
[PlyCount "54"]
[EventDate "2004.??.??"]
[EventType "swiss"]
[EventRounds "9"]
[EventCountry "GER"]

1. e4 e5 2. Nf3 Nc6 3. Bb5 a6 4. Ba4 Nf6 5. O-O b5 6. Bb3 Be7 7. Re1 O-O 8. c3
d6 9. h3 Na5 10. Bc2 c5 11. d4 cxd4 12. cxd4 Qc7 13. Nbd2 Bb7 14. d5 Nc4 15.
Nf1 Rac8 16. Bd3 Qd7 17. b3 Nb6 18. Be3 Nbxd5 19. exd5 e4 20. Be2 exf3 21. Bxf3
Qf5 22. Ng3 Qd7 23. Qd3 h6 24. Nf5 Kh8 25. Bxh6 gxh6 26. Rxe7 Qxe7 27. Nxe7
Rce8 1-0

[Event "II - WIDCC Open Tournament"]
[Site "Malente GER"]
[Date "2004.07.31"]
[Round "6.9"]
[White "Golemovic T. (CRO)"]
[Black "Michalowski R. (GER)"]
[Result "1-0"]
[WhiteElo "1805"]
[BlackElo "1921"]
[PlyCount "79"]
[EventDate "2004.??.??"]
[EventType "swiss"]
[EventRounds "9"]
[EventCountry "GER"]

1. d4 Nf6 2. c4 e6 3. Nf3 d5 4. Nc3 Be7 5. e3 O-O 6. Bd3 b6 7. O-O Bb7 8. cxd5
exd5 9. Qc2 Nbd7 10. Ne5 g6 11. Nxd7 Qxd7 12. a3 Rac8 13. Qe2 c5 14. Ba6 Rfe8
15. Bxb7 Qxb7 16. Qf3 Qc6 17. Bd2 Bf8 18. Rac1 c4 19. Qd1 a6 20. b4 b5 21. Rb1
Rb8 22. f3 Qe6 23. Re1 Qd7 24. a4 Kg7 25. Qc2 Ra8 26. Rb2 Ra7 27. Ra1 Rea8 28.
Qb1 Bd6 29. Rba2 Qc7 30. f4 Qb7 31. axb5 Ne4 32. Nxe4 dxe4 33. bxa6 Rxa6 34.
Rxa6 Rxa6 35. Rxa6 Qxa6 36. Qc2 f5 37. Qb2 Kf7 38. Bc3 Qb5 39. Qa3 Qc6 40. Qa7+
1-0

[Event "II - WIDCC Open Tournament"]
[Site "Malente GER"]
[Date "2004.07.31"]
[Round "6.9"]
[White "Dearie J. (SCO)"]
[Black "Kaminski L. (POL)"]
[Result "1/2-1/2"]
[WhiteElo "1805"]
[BlackElo "1907"]
[PlyCount "55"]
[EventDate "2004.??.??"]
[EventType "swiss"]
[EventRounds "9"]
[EventCountry "GER"]

1. Nc3 Nf6 2. e3 e5 3. h3 d5 4. Nf3 Nbd7 5. d4 e4 6. Nd2 a6 7. f3 Bb4 8. fxe4
Bxc3 9. bxc3 dxe4 10. Ba3 b6 11. c4 c5 12. Nb3 Qc7 13. Qe2 O-O 14. O-O-O Rd8
15. Bb2 Bb7 16. Qf2 Nh5 17. d5 Ng3 18. d6 Qc6 19. Qxg3 f6 20. Be2 Rf8 21. h4
Rae8 22. h5 Rf7 23. h6 g6 24. Bh5 Nf8 25. Bg4 Bc8 26. Bxc8 Qxc8 27. Rdf1 Qe6
28. Nd2 1/2-1/2

[Event "II - WIDCC Open Tournament"]
[Site "Malente GER"]
[Date "2004.07.31"]
[Round "6.9"]
[White "Burnett R. (SCO)"]
[Black "Hartmann A. (GER)"]
[Result "1-0"]
[WhiteElo "1805"]
[BlackElo "1805"]
[PlyCount "47"]
[EventDate "2004.??.??"]
[EventType "swiss"]
[EventRounds "9"]
[EventCountry "GER"]

1. e4 c6 2. d3 d5 3. Nd2 e6 4. Ngf3 Nf6 5. g3 Be7 6. Bg2 O-O 7. O-O c5 8. Re1
Nc6 9. exd5 exd5 10. Ne5 Nxe5 11. Rxe5 Qc7 12. Re1 b6 13. Nf1 Bb7 14. Bf4 Bd6
15. Bxd6 Qxd6 16. Re2 Rfe8 17. Ne3 Qe5 18. c3 Re7 19. Qd2 Rae8 20. Rae1 Qh5 21.
h3 d4 22. Ng4 Rxe2 23. Rxe2 Rxe2 24. Qxe2 1-0

[Event "II - WIDCC Open Tournament"]
[Site "Malente GER"]
[Date "2004.07.31"]
[Round "6.9"]
[White "Durdyev Y. (TKM)"]
[Black "Kreuzer C. (ENG)"]
[Result "0-1"]
[WhiteElo "1805"]
[BlackElo "1805"]
[PlyCount "74"]
[EventDate "2004.??.??"]
[EventType "swiss"]
[EventRounds "9"]
[EventCountry "GER"]

1. e4 c5 2. Nc3 d6 3. Nf3 Nf6 4. Bc4 e6 5. O-O a6 6. a4 Be7 7. d3 Nc6 8. Bd2
O-O 9. Re1 Qc7 10. Bf4 Bd7 11. e5 Ne8 12. exd6 Bxd6 13. Bxd6 Nxd6 14. Bb3 Nd4
15. Nxd4 cxd4 16. Ne4 Bc6 17. Nxd6 Qxd6 18. Qh5 Qf4 19. Qe5 Qg4 20. Qg3 Qxg3
21. hxg3 Rfd8 22. Re5 b6 23. Rd1 Rac8 24. a5 bxa5 25. Rxa5 Bb5 26. Rd2 Kf8 27.
Ba4 Rd5 28. Bxb5 axb5 29. b4 Ke8 30. f4 Ke7 31. g4 h6 32. Kf2 Rc7 33. Kf3 Kf6
34. Ke4 Rcd7 35. Rf2 g5 36. f5 Re5+ 37. Kf3 Re3# 0-1

[Event "II - WIDCC Open Tournament"]
[Site "Malente GER"]
[Date "2004.07.31"]
[Round "6.9"]
[White "Hreinsson A. (ICE)"]
[Black "Karmars A. (LAT)"]
[Result "1/2-1/2"]
[WhiteElo "1805"]
[BlackElo "1805"]
[PlyCount "32"]
[EventDate "2004.??.??"]
[EventType "swiss"]
[EventRounds "9"]
[EventCountry "GER"]

1. e4 c5 2. Nf3 Nc6 3. d4 cxd4 4. Nxd4 e5 5. Nb5 d6 6. N1c3 a6 7. Na3 b5 8. Nd5
Nge7 9. c3 Bb7 10. Nc2 Nxd5 11. exd5 Ne7 12. Ne3 g6 13. a4 Qd7 14. axb5 axb5
15. Rxa8+ Bxa8 16. Qb3 Qb7 1/2-1/2

[Event "II - WIDCC Open Tournament"]
[Site "Malente GER"]
[Date "2004.07.31"]
[Round "6.9"]
[White "Johannesen H. (NED)"]
[Black "Picone C. (ITA)"]
[Result "1/2-1/2"]
[WhiteElo "1805"]
[BlackElo "1805"]
[PlyCount "91"]
[EventDate "2004.??.??"]
[EventType "swiss"]
[EventRounds "9"]
[EventCountry "GER"]

1. d4 Nf6 2. Nf3 d5 3. g3 g6 4. Bg2 Bg7 5. O-O Nbd7 6. Nbd2 O-O 7. b3 a5 8. a4
Re8 9. Bb2 c6 10. e3 Qc7 11. Re1 e5 12. Nxe5 Nxe5 13. dxe5 Ng4 14. f4 Qb6 15.
Nf1 Be6 16. Bf3 Nh6 17. Kh1 Rad8 18. c3 Nf5 19. Bg4 c5 20. Rb1 d4 21. exd4 Bxb3
22. Qe2 Qc6+ 23. Bf3 Bd5 24. Bxd5 Qxd5+ 25. Qe4 cxd4 26. Qxd5 Rxd5 27. cxd4
Nxd4 28. Red1 Red8 29. Ne3 R5d7 30. Bxd4 Rxd4 31. Rxd4 Rxd4 32. Rxb7 Rxa4 33.
Nd5 Bf8 34. Rb8 Kg7 35. Rb7 Rd4 36. Rd7 a4 37. e6 a3 38. Rxf7+ Kh6 39. Nc3 Bb4
40. e7 a2 41. Nxa2 Bxe7 42. Rxe7 Rd1+ 43. Kg2 Rd2+ 44. Kh3 Rxa2 45. Re6 Rf2 46.
Re7 1/2-1/2

[Event "II - WIDCC Open Tournament"]
[Site "Malente GER"]
[Date "2004.07.31"]
[Round "6.9"]
[White "Chilton E. (NED)"]
[Black "Westerveld G. (NED)"]
[Result "1-0"]
[WhiteElo "1805"]
[BlackElo "1805"]
[PlyCount "41"]
[EventDate "2004.??.??"]
[EventType "swiss"]
[EventRounds "9"]
[EventCountry "GER"]

1. e4 e6 2. Nf3 d6 3. d4 c6 4. Bg5 Be7 5. Bxe7 Nxe7 6. Nc3 Nd7 7. Be2 a6 8. O-O
O-O 9. e5 dxe5 10. Nxe5 Nxe5 11. dxe5 Nd5 12. Ne4 Qb6 13. b3 Ne3 14. fxe3 Qxe3+
15. Nf2 Qxe5 16. Bd3 Qg5 17. Qg4 Qc5 18. Kh1 e5 19. Qg3 f5 20. Bc4+ Kh8 21. Nd3
1-0

[Event "II - WIDCC Open Tournament"]
[Site "Malente GER"]
[Date "2004.07.31"]
[Round "6.9"]
[White "Christie J. (SCO)"]
[Black "Nendza J. (GER)"]
[Result "0-1"]
[WhiteElo "1805"]
[BlackElo "1805"]
[PlyCount "102"]
[EventDate "2004.??.??"]
[EventType "swiss"]
[EventRounds "9"]
[EventCountry "GER"]

1. e4 c5 2. Nf3 e6 3. d4 d5 4. e5 a6 5. Nc3 Nc6 6. Be3 Qb6 7. Rb1 f6 8. exf6
Nxf6 9. Be2 Bd7 10. a3 O-O-O 11. O-O h6 12. h3 Bd6 13. Na4 Qa7 14. c3 c4 15. b4
b5 16. Nc5 Bxc5 17. bxc5 Ne4 18. Qc2 Qc7 19. a4 Qa5 20. axb5 axb5 21. Qd2 Nxd2
22. Bxd2 Be8 23. Ra1 Qc7 24. Rfb1 Na7 25. Ra2 Kb7 26. Rba1 Ra8 27. Ne1 Bd7 28.
Nc2 Nc6 29. Rxa8 Rxa8 30. Rxa8 Kxa8 31. f3 Qa5 32. Ne3 Qa2 33. Nf1 Na5 34. Kf2
Nb3 35. Ke3 Kb7 36. g4 Be8 37. h4 Qc2 38. f4 Nxd2 39. Nxd2 Qxc3+ 40. Kf2 Qxd2
41. g5 Qxf4+ 42. Ke1 hxg5 43. hxg5 Qxg5 44. Kd1 Bg6 45. Ke1 b4 46. Kd1 b3 47.
Ke1 Qg1+ 48. Kd2 Qxd4+ 49. Bd3 Bxd3 50. c6+ Kc7 51. Kd1 c3 0-1

[Event "II - WIDCC Open Tournament"]
[Site "Malente GER"]
[Date "2004.08.02"]
[Round "7.9"]
[White "Petrauskas G. (LTU)"]
[Black "Ghadimi M.R. (IRN)"]
[Result "0-1"]
[WhiteElo "1805"]
[BlackElo "1805"]
[PlyCount "78"]
[EventDate "2004.??.??"]
[EventType "swiss"]
[EventRounds "9"]
[EventCountry "GER"]

1. Nf3 c5 2. g3 Nc6 3. Bg2 e5 4. d3 g6 5. O-O Bg7 6. c4 Nge7 7. Nc3 O-O 8. a3
d6 9. Qc2 h6 10. Rb1 a5 11. e4 f5 12. Nd5 Nxd5 13. cxd5 Ne7 14. Bd2 a4 15. Ne1
f4 16. h3 h5 17. Kh2 g5 18. Qd1 g4 19. hxg4 hxg4 20. f3 Ng6 21. Rh1 Bf6 22. Kg1
fxg3 23. fxg4 c4 24. Be3 Bg5 25. Qe2 Bxg4 26. Bxg5 Qxg5 27. Bf3 cxd3 28. Qxd3
Nf4 29. Qf1 Qd8 30. Qb5 Qg5 31. Qf1 Kg7 32. Rc1 Rh8 33. Rc7+ Kg6 34. Rc2 Rxh1+
35. Bxh1 Rh8 36. Nf3 Nh3+ 37. Kg2 Qe3 38. Rc7 Bxf3+ 39. Kxg3 Bxh1+ 0-1

[Event "II - WIDCC Open Tournament"]
[Site "Malente GER"]
[Date "2004.08.02"]
[Round "7.9"]
[White "Dunn R. (ENG)"]
[Black "Grudina M. (ITA)"]
[Result "1/2-1/2"]
[WhiteElo "1805"]
[BlackElo "1805"]
[PlyCount "70"]
[EventDate "2004.??.??"]
[EventType "swiss"]
[EventRounds "9"]
[EventCountry "GER"]

1. Nf3 Nf6 2. g3 g6 3. Bg2 Bg7 4. O-O O-O 5. d3 d5 6. Nbd2 Nbd7 7. e4 dxe4 8.
dxe4 e5 9. Qe2 Re8 10. Rd1 c6 11. Nc4 Qc7 12. Nd6 Re6 13. Nc4 h6 14. Nh4 b5 15.
Ne3 Rd6 16. Bd2 Bb7 17. Ng4 Nxg4 18. Qxg4 Nf6 19. Qe2 Rad8 20. Bc3 Rxd1+ 21.
Rxd1 Rxd1+ 22. Qxd1 c5 23. Qe2 b4 24. Bd2 Qd6 25. c3 a5 26. f3 Ba6 27. Qe3 Nd7
28. Bf1 Bxf1 29. Kxf1 Nb6 30. Qe2 Na4 31. Be1 Nb6 32. Ng2 Qe6 33. cxb4 axb4 34.
b3 Bf8 35. Ne3 Bd6 1/2-1/2

[Event "II - WIDCC Open Tournament"]
[Site "Malente GER"]
[Date "2004.08.02"]
[Round "7.9"]
[White "Lukàcsovics L. (HUN)"]
[Black "Rylov V. (RUS)"]
[Result "1/2-1/2"]
[WhiteElo "2037"]
[BlackElo "1805"]
[PlyCount "93"]
[EventDate "2004.??.??"]
[EventType "swiss"]
[EventRounds "9"]
[EventCountry "GER"]

1. d4 d5 2. Nf3 Nf6 3. c4 e6 4. Nc3 Be7 5. Bf4 O-O 6. e3 c5 7. Bd3 dxc4 8. Bxc4
cxd4 9. Nxd4 Qa5 10. Nb3 Qb6 11. O-O Bd7 12. Qe2 a6 13. Rfd1 Rd8 14. e4 Bc6 15.
e5 Nd5 16. Bxd5 Bxd5 17. Nxd5 Rxd5 18. Rxd5 exd5 19. Rd1 Qb4 20. Qd2 Qa4 21.
Qxd5 Nc6 22. Qf3 Qxa2 23. Qc3 Qa4 24. g3 Rd8 25. Rxd8+ Nxd8 26. Nd4 Qd7 27. Be3
Nc6 28. Nxc6 Qxc6 29. Qd3 b5 30. Qd4 h6 31. Qa7 Bb4 32. Qd4 Be7 33. Qa7 Qe6 34.
Qa8+ Kh7 35. Qe4+ g6 36. h4 h5 37. Bd4 Qc4 38. Qe3 Qd5 39. Kh2 Qe6 40. Bc3 Bf8
41. Qa7 Bg7 42. Qe3 Qc4 43. Qb6 Qe6 44. Qe3 Bf8 45. Qd4 Be7 46. Kg1 Qg4 47. Qa7
1/2-1/2

[Event "II - WIDCC Open Tournament"]
[Site "Malente GER"]
[Date "2004.08.02"]
[Round "7.9"]
[White "Oborina E. (RUS)"]
[Black "Pasquotto M. (ITA)"]
[Result "1/2-1/2"]
[WhiteElo "1805"]
[BlackElo "1805"]
[PlyCount "35"]
[EventDate "2004.??.??"]
[EventType "swiss"]
[EventRounds "9"]
[EventCountry "GER"]

1. e4 c5 2. Nf3 d6 3. d4 cxd4 4. Nxd4 Nf6 5. Nc3 a6 6. a4 e5 7. Nb3 Be7 8. Be2
O-O 9. Be3 Be6 10. O-O Nc6 11. f3 Rc8 12. Nd5 Bxd5 13. exd5 Nb4 14. c4 b5 15.
axb5 axb5 16. Na5 bxc4 17. Bxc4 Ra8 18. Nc6 1/2-1/2

[Event "II - WIDCC Open Tournament"]
[Site "Malente GER"]
[Date "2004.08.02"]
[Round "7.9"]
[White "Kreuzer C. (ENG)"]
[Black "Rossinskaja L. (RUS)"]
[Result "1-0"]
[WhiteElo "1805"]
[BlackElo "1864"]
[PlyCount "77"]
[EventDate "2004.??.??"]
[EventType "swiss"]
[EventRounds "9"]
[EventCountry "GER"]

1. e4 c5 2. Nf3 d6 3. d4 cxd4 4. Nxd4 Nf6 5. Nc3 a6 6. Be2 e6 7. Be3 Be7 8. Qd2
Qc7 9. f3 Bd7 10. O-O Nc6 11. Kh1 Rc8 12. Nb3 O-O 13. Rad1 b5 14. a3 Na5 15.
Nxa5 Qxa5 16. Nd5 Qd8 17. Bb6 Qe8 18. Nc7 Qd8 19. Qa5 Rxc7 20. Bxc7 Qc8 21.
Bxd6 Bxd6 22. Rxd6 Qxc2 23. Qd2 Qxd2 24. Rxd2 Bc8 25. Rfd1 Re8 26. b3 Kf8 27.
a4 bxa4 28. bxa4 Ke7 29. Rd6 Nd5 30. Rc6 Nf6 31. Bxa6 Bd7 32. Rc7 Rd8 33. Bb5
Ke8 34. Bxd7+ Rxd7 35. Rdxd7 Nxd7 36. a5 Kd8 37. Rb7 f5 38. exf5 exf5 39. a6
1-0

[Event "II - WIDCC Open Tournament"]
[Site "Malente GER"]
[Date "2004.08.02"]
[Round "7.9"]
[White "Svec D. (CRO)"]
[Black "Burnett R. (SCO)"]
[Result "0-1"]
[WhiteElo "1805"]
[BlackElo "1805"]
[PlyCount "121"]
[EventDate "2004.??.??"]
[EventType "swiss"]
[EventRounds "9"]
[EventCountry "GER"]

1. d4 Nf6 2. Nc3 d6 3. e4 e6 4. Be3 Be7 5. Bd3 Nc6 6. a3 a6 7. Nf3 e5 8. h3 O-O
9. d5 Na7 10. Qd2 b5 11. O-O Bd7 12. Ne1 c5 13. dxc6 Bxc6 14. Bg5 h6 15. Bxf6
Bxf6 16. Nd5 Bg5 17. Qe2 Bxd5 18. exd5 f5 19. c3 e4 20. Bc2 Rf7 21. f4 Bh4 22.
g4 Bxe1 23. Raxe1 g6 24. Kh2 Qh4 25. Qf2 Qxf2+ 26. Rxf2 Rg7 27. Kg3 Nc8 28. Rd1
Nb6 29. Rd4 Rc7 30. a4 Rc5 31. Rfd2 Nc4 32. Re2 Nxb2 33. Bxe4 Rxc3+ 34. Kh4
fxe4 35. Rxb2 Rc4 36. Rb4 Rxd4 37. Rxd4 Rb8 38. Rxe4 b4 39. Re2 b3 40. Rb2 Kf7
41. Kg3 Kf6 42. Kf3 g5 43. f5 Ke5 44. Ke3 Kxd5 45. Kd3 Rb4 46. a5 Rb5 47. Kc3
Rxa5 48. Kxb3 Rb5+ 49. Kc3 Rxb2 50. Kxb2 Ke5 51. Kb3 d5 52. Kc3 d4+ 53. Kc2 a5
54. Kb3 Kf6 55. Kc4 Ke5 56. Kb3 h5 57. Kc4 a4 58. gxh5 Kxf5 59. Kxd4 Kf6 60.
Kc4 Kg7 61. Kd4 0-1

[Event "II - WIDCC Open Tournament"]
[Site "Malente GER"]
[Date "2004.08.02"]
[Round "7.9"]
[White "Filatov B. (RUS)"]
[Black "Golemovic T. (CRO)"]
[Result "1-0"]
[WhiteElo "1805"]
[BlackElo "1805"]
[PlyCount "35"]
[EventDate "2004.??.??"]
[EventType "swiss"]
[EventRounds "9"]
[EventCountry "GER"]

1. d4 c6 2. c4 d5 3. Nc3 Bf5 4. cxd5 cxd5 5. Qb3 Nf6 6. Qxb7 Nbd7 7. Nxd5 Qa5+
8. Nc3 Rb8 9. Qc6 e6 10. f3 Bb4 11. e4 O-O 12. Bd2 Rfe8 13. Qa6 Bg6 14. Qxa5
Bxa5 15. Nd1 Bxd2+ 16. Kxd2 e5 17. d5 Nc5 18. Ke3 {
Rest der Notation unleserlich.} 1-0

[Event "II - WIDCC Open Tournament"]
[Site "Malente GER"]
[Date "2004.08.02"]
[Round "7.9"]
[White "Michalczuk K. (POL)"]
[Black "Chilton M. (NED)"]
[Result "1-0"]
[WhiteElo "1805"]
[BlackElo "1805"]
[PlyCount "51"]
[EventDate "2004.??.??"]
[EventType "swiss"]
[EventRounds "9"]
[EventCountry "GER"]

1. d4 d6 2. e4 Nf6 3. Bd3 d5 4. e5 Nfd7 5. e6 Nf6 6. exf7+ Kxf7 7. Nf3 Nc6 8.
Nc3 h6 9. O-O e6 10. Bf4 a6 11. Ne5+ Nxe5 12. dxe5 d4 13. exf6 Qxf6 14. Ne2 e5
15. Bg3 h5 16. h3 g5 17. f4 gxf4 18. Nxf4 Ke8 19. Ng6 Qg5 20. Nxh8 Bxh3 21.
Bg6+ Kd7 22. Rf7+ Ke6 23. Qf3 Bg4 24. Qb3+ Kd6 25. Qb4+ Kd5 26. Qxb7+ 1-0

[Event "II - WIDCC Open Tournament"]
[Site "Malente GER"]
[Date "2004.08.02"]
[Round "7.9"]
[White "Capitanio G. (ITA)"]
[Black "Dearie J. (SCO)"]
[Result "1-0"]
[WhiteElo "1805"]
[BlackElo "1805"]
[PlyCount "157"]
[EventDate "2004.??.??"]
[EventType "swiss"]
[EventRounds "9"]
[EventCountry "GER"]

1. f4 b6 2. Nc3 Bb7 3. d4 e6 4. e4 Nc6 5. Nf3 f5 6. Bd3 g6 7. O-O h6 8. Re1 Nf6
9. d5 Bc5+ 10. Be3 Nb4 11. Bxc5 bxc5 12. Bc4 O-O 13. dxe6 dxe6 14. Bxe6+ Kh8
15. a3 Qxd1 16. Raxd1 Nxc2 17. Re2 Nd4 18. Nxd4 cxd4 19. Rxd4 c5 20. Rd6 Nxe4
21. Nxe4 Bxe4 22. Red2 Rae8 23. Bd5 Rd8 24. Bxe4 Rxd6 25. Rxd6 fxe4 26. Rxg6
Rxf4 27. Rxh6+ Kg7 28. Rh3 a5 29. Rc3 Rf5 30. Rc4 Re5 31. Kf2 Kf6 32. g4 Kg5
33. Kg3 e3 34. h4+ Kg6 35. Rc1 e2 36. Re1 c4 37. Kf2 Re4 38. Kf3 Rd4 39. Rxe2
Rd3+ 40. Re3 Rd4 41. h5+ Kg5 42. Re5+ Kh6 43. Rxa5 Rd3+ 44. Ke4 Rg3 45. Kf4 Rb3
46. Ra6+ Kh7 47. Ra7+ Kh6 48. Ra6+ Kh7 49. Kg5 Rb5+ 50. Kf6 Rxb2 51. Ra7+ Kh6
52. Rc7 Rf2+ 53. Ke5 Re2+ 54. Kf4 Rf2+ 55. Ke3 Rc2 56. a4 c3 57. Kd3 Ra2 58.
Rc4 c2 59. Kd2 c1=Q+ 60. Kxc1 Ra3 61. Kb2 Re3 62. a5 Re8 63. a6 Ra8 64. Ra4 Kg7
65. Ka3 Kh6 66. Kb4 Kg5 67. Ka5 Re8 68. Rb4 Re5+ 69. Rb5 Rxb5+ 70. Kxb5 Kxg4
71. a7 Kxh5 72. a8=Q Kg5 73. Qf3 Kg6 74. Kc6 Kg5 75. Kd6 Kg6 76. Ke6 Kg5 77.
Qg3+ Kh6 78. Kf6 Kh7 79. Qg7# 1-0

[Event "II - WIDCC Open Tournament"]
[Site "Malente GER"]
[Date "2004.08.02"]
[Round "7.9"]
[White "Karmars A. (LAT)"]
[Black "Pietrucha R. (POL)"]
[Result "0-1"]
[WhiteElo "1805"]
[BlackElo "2103"]
[PlyCount "52"]
[EventDate "2004.??.??"]
[EventType "swiss"]
[EventRounds "9"]
[EventCountry "GER"]

1. d4 Nf6 2. c4 d5 3. Nc3 c6 4. Bf4 e6 5. Nf3 Bd6 6. Bxd6 Qxd6 7. c5 Qe7 8. e3
Nbd7 9. Bd3 O-O 10. O-O e5 11. e4 dxe4 12. Bxe4 exd4 13. Qxd4 Qxc5 14. Rad1
Qxd4 15. Rxd4 Nb6 16. h3 Be6 17. Ng5 Bd5 18. Nxd5 Nbxd5 19. Bxd5 Nxd5 20. Ne4
Rad8 21. Rfd1 Rde8 22. Nd6 Re7 23. b4 Nc3 24. R1d2 Ne2+ 25. Kf1 Nxd4 26. Rxd4
Rd7 0-1

[Event "II - WIDCC Open Tournament"]
[Site "Malente GER"]
[Date "2004.08.02"]
[Round "7.9"]
[White "Michalowski R. (GER)"]
[Black "Hreinsson A. (ICE)"]
[Result "1-0"]
[WhiteElo "1907"]
[BlackElo "1805"]
[PlyCount "107"]
[EventDate "2004.??.??"]
[EventType "swiss"]
[EventRounds "9"]
[EventCountry "GER"]

1. c4 Nf6 2. Nc3 g6 3. d4 Bg7 4. e4 d6 5. Nf3 O-O 6. Be2 Nbd7 7. O-O e5 8. d5
a6 9. h3 Qe8 10. Be3 Nh5 11. Nd2 Nf4 12. Bf3 f5 13. Kh2 Nf6 14. Rc1 g5 15. g4
Nxh3 16. exf5 Nf4 17. Nde4 h5 18. Nxf6+ Rxf6 19. Bxf4 exf4 20. Re1 Qf7 21. Ne4
hxg4 22. Nxf6+ Bxf6 23. Bxg4 Qh7+ 24. Kg2 Bxf5 25. Rh1 Bxg4 26. Qxg4 Qe4+ 27.
Qf3 Qf5 28. Rce1 g4 29. Qe4 f3+ 30. Kf1 Qxe4 31. Rxe4 Kf7 32. b3 Rg8 33. Rg1
Rh8 34. Rgxg4 Be5 35. Rh4 Rg8 36. Reg4 Re8 37. Rh3 b5 38. Rxf3+ Ke7 39. cxb5
axb5 40. Rb4 Ra8 41. a4 bxa4 42. bxa4 Ra5 43. Rd3 Kd7 44. Ke2 c5 45. dxc6+ Kxc6
46. Rc4+ Rc5 47. Rxc5+ dxc5 48. Rb3 c4 49. Rb1 Bd4 50. f4 Kd5 51. Rb5+ Ke4 52.
Kd2 Kxf4 53. a5 Ke4 54. a6 1-0

[Event "II - WIDCC Open Tournament"]
[Site "Malente GER"]
[Date "2004.08.02"]
[Round "7.9"]
[White "Hartmann A. (GER)"]
[Black "Chilton E. (NED)"]
[Result "1-0"]
[WhiteElo "1805"]
[BlackElo "1805"]
[PlyCount "97"]
[EventDate "2004.??.??"]
[EventType "swiss"]
[EventRounds "9"]
[EventCountry "GER"]

1. Nf3 c5 2. e3 d5 3. d4 e6 4. b3 Nf6 5. Bd3 Nc6 6. Bb2 h6 7. O-O Bd6 8. Ne5
Qc7 9. f4 O-O 10. a3 cxd4 11. exd4 Qb6 12. Nxc6 Qxc6 13. Nd2 Qb6 14. Qe2 Bd7
15. Kh1 a6 16. Rab1 Qc7 17. g3 Bc6 18. h3 Ne4 19. Nxe4 dxe4 20. Bxe4 f5 21.
Bxc6 Qxc6+ 22. Kh2 Rac8 23. Qxe6+ Rf7 24. Rf2 Re8 25. Qc4 Qd7 26. Re2 Re4 27.
Rbe1 Qe8 28. Rxe4 fxe4 29. Qd5 Bxf4 30. gxf4 e3 31. Qf3 Re7 32. Re2 b5 33. Bc1
Qb8 34. Rxe3 Qc7 35. Rxe7 Qxe7 36. c4 Qe1 37. Qe3 Qa5 38. f5 bxc4 39. Qe6+ Kh7
40. bxc4 Qc3 41. Be3 Qxa3 42. c5 Qb2+ 43. Kg3 Qb8+ 44. Qe5 Qb7 45. d5 a5 46. c6
Qb4 47. Bd4 Qf8 48. Qxg7+ Qxg7+ 49. Bxg7 1-0